Ukrainian diaspora by country - Statistics

General Stats
  • This quiz has been taken 916 times
  • The average score is 32 of 41
Answer Stats
Hint Answer % Correct
3 269 992 Russia
99%
23 414 United Kingdom
99%
1 359 655 Canada
97%
1 028 492 USA
97%
1 200 000 Poland
96%
272 000 Germany
94%
106 697 France
93%
50 920 Romania
93%
159 656 Belarus
92%
112 728 Spain
92%
234 354 Italy
91%
37 541 693 Ukraine
90%
11 069 Sweden
89%
20 000 - 35 000 Turkey
88%
181 035 Moldova
86%
10 001 Slovakia
86%
5 000 Finland
85%
32 000 Greece
85%
131 709 Czech Republic
84%
10 996 Hungary
84%
50 699 Latvia
83%
12 248 Lithuania
83%
45 051 Portugal
83%
38 791 Australia
82%
12 000 Austria
82%
600 000 - 1 000 000 Brazil
82%
23 183 Estonia
82%
12 144 Denmark
80%
5 000 Netherlands
80%
6 681 Switzerland
79%
338 022 Kazakhstan
78%
22 263 Georgia
75%
305 000 Argentina
73%
21 509 Azerbaijan
67%
124 602 Uzbekistan
65%
30 000 - 90 000 Israel
59%
12 691 Kyrgyzstan
56%
11 145 UAE
38%
10 000 - 15 000 Uruguay
32%
12 000 - 40 000 Paraguay
23%
5 000 Jordan
17%
No matching quizzes found
Score Distribution
Percent of People with Each Score
Percentile by Number Answered
Your Score History
You have not taken this quiz